书目信息 |
| 题名: |
图书分类
|
|
| 作者: | ;北京大学图书馆学系图书分类编写组 编著 | |
| 分册: | ||
| 出版信息: | 北京 书目文献出版社 1983 |
|
| 页数: | 320页 | |
| 开本: | 19cm | |
| 丛书名: | ||
| 单 册: | ||
| 中图分类: | G254.11 | |
| 科图分类: | ||
| 主题词: | 分类法--理论 | |
| 电子资源: | ||
| ISBN: | ||
| 000 | 00683nam0 2200229 45 | |
| 001 | 0183009653 | |
| 005 | 20070726101631.87 | |
| 010 | @dCNY1.10 | |
| 091 | @aCN@b7201.44 | |
| 100 | @a19950624d1983 em y0chiy0121 ea | |
| 101 | 0 | @achi |
| 102 | @aCN@b110000 | |
| 105 | @ay z 000yy | |
| 200 | 10 | @a图书分类@Atu shu fen lei@f北京大学图书馆学系《图书分类》编写组编著 |
| 210 | @a北京@c书目文献出版社@d1983 | |
| 215 | @a320页@d19cm | |
| 606 | @a分类法@x理论 | |
| 690 | @aG254.11@v3 | |
| 711 | 02 | @a北京大学图书馆学系图书分类编写组@Abei jing da xue tu shu guan xue xi tu shu fen lei bian xie zu@4编著 |
| 801 | 2 | @aCN@bNLC@c20070726 |
| 801 | 0 | @aCN@bTSSF |
| 905 | @a10447@dG254.11@e97 | |
| 图书分类/北京大学图书馆学系《图书分类》编写组编著.-北京:书目文献出版社,1983 |
| 320页;19cm |
| ISBN :CNY1.10 |
| ● |
| 相关链接 |
|
|
|
|
正题名:图书分类
索取号:G254.11/97
 
预约/预借
| 序号 | 登录号 | 条形码 | 馆藏地/架位号 | 状态 | 备注 |
| 1 | 0767562 | 207675620 | 第一样本阅览室/ [索取号:G254.11/97] | 在馆 |